| 000 | 00592nam 22002053 4500 | ||
|---|---|---|---|
| 001 | 199845 | ||
| 010 | _a5-03-000318-2 | ||
| 090 | _a199845 | ||
| 100 | _a20260112d u||y0pory50 ba | ||
| 200 |
_aÁlgebra recreativa _fY. I. Perelman _gtradução Hudson C. Lacerda |
||
| 210 |
_aMoscovo _cMir _dcop. 1975 |
||
| 215 |
_a280 p. _cbrochado _d17 cm |
||
| 225 | _aA ciência ao alcance de todos | ||
| 606 |
_91432 _aMatemática |
||
| 675 |
_a51 _vUS _zpor |
||
| 700 |
_915667 _aPerelman _bY. I. _f1882-1942 |
||
| 702 |
_915668 _aLacerda _bHudson C. |
||
| 801 |
_aPT _bBMMN _gRPC |
||
| 830 | _cVanda | ||
| 990 | _cLIVROS | ||